[Event "EU-ch (Men) 11th"]
[Site "Rijeka"]
[Date "2010.03.09"]
[Round "4.55"]
[White "Horvath, Adam"]
[Black "Macieja, Bartlomiej"]
[Result "1/2-1/2"]
[WhiteElo "2501"]
[BlackElo "2625"]
[PlyCount "69"]
[EventDate "2010.03.06"]
[EventType "swiss"]
[EventRounds "11"]
[EventCountry "CRO"]
[SourceDate "2010.03.06"]

1. e4 c5 2. Nf3 e6 3. d4 cxd4 4. Nxd4 Nc6 5. Nc3 Qc7 6. Be2 a6 7. O-O Nf6 8.
Kh1 Be7 9. f4 d6 10. Be3 O-O 11. Qe1 Nxd4 12. Bxd4 b5 13. a3 Bb7 14. Qg3 Bc6
15. Rae1 Rae8 16. Bf3 Rd8 17. Nd5 exd5 18. exd5 Ba8 19. Rxe7 Qxe7 20. Re1 Qxe1+
21. Qxe1 Nxd5 22. Qg3 f6 23. h4 Kh8 24. h5 h6 25. Qe1 Rfe8 26. Qd2 Ne7 27. Bxa8
Rxa8 28. Bc3 Nf5 29. Qd3 Ne3 30. Bxf6 gxf6 31. Qg6 Rf8 32. Qxh6+ Kg8 33. Qg6+
Kh8 34. Qh6+ Kg8 35. Qg6+ 1/2-1/2

[Event "EU-ch (Men) 11th"]
[Site "Rijeka"]
[Date "2010.03.09"]
[Round "4.56"]
[White "Tregubov, Pavel V"]
[Black "Prohaszka, Peter"]
[Result "1/2-1/2"]
[WhiteElo "2625"]
[BlackElo "2501"]
[PlyCount "48"]
[EventDate "2010.03.06"]
[EventType "swiss"]
[EventRounds "11"]
[EventCountry "CRO"]
[SourceDate "2010.03.06"]

1. d4 d5 2. Nf3 Nf6 3. c4 c6 4. e3 g6 5. Nc3 Bg7 6. Be2 O-O 7. O-O dxc4 8. Bxc4
Bg4 9. h3 Bxf3 10. Qxf3 Nbd7 11. Rd1 e5 12. d5 e4 13. Nxe4 Nxe4 14. Qxe4 Nb6
15. d6 Re8 16. Qd3 Nxc4 17. Qxc4 Re6 18. d7 Qc7 19. e4 Rd8 20. Qd3 Re7 21. Bg5
Rdxd7 22. Qc2 Rxd1+ 23. Rxd1 Rd7 24. b3 a6 1/2-1/2

[Event "EU-ch (Men) 11th"]
[Site "Rijeka"]
[Date "2010.03.09"]
[Round "4.57"]
[White "Stern, Rene"]
[Black "Giri, Anish"]
[Result "1/2-1/2"]
[WhiteElo "2501"]
[BlackElo "2624"]
[PlyCount "38"]
[EventDate "2010.03.06"]
[EventType "swiss"]
[EventRounds "11"]
[EventCountry "CRO"]
[SourceDate "2010.03.06"]

1. d4 Nf6 2. c4 e6 3. Nc3 Bb4 4. Bd2 b6 5. f3 O-O 6. e4 d5 7. cxd5 exd5 8. e5
Ne8 9. a3 Bxc3 10. bxc3 c5 11. f4 Nc6 12. Nf3 Bg4 13. Be2 Bxf3 14. Bxf3 cxd4
15. cxd4 Nc7 16. Be3 f5 17. Rc1 Ne7 18. O-O Qd7 19. Qb3 Rac8 1/2-1/2

[Event "EU-ch (Men) 11th"]
[Site "Rijeka"]
[Date "2010.03.09"]
[Round "4.58"]
[White "Azarov, Sergei"]
[Black "Benidze, Davit"]
[Result "1/2-1/2"]
[WhiteElo "2621"]
[BlackElo "2499"]
[PlyCount "162"]
[EventDate "2010.03.06"]
[EventType "swiss"]
[EventRounds "11"]
[EventCountry "CRO"]
[SourceDate "2010.03.06"]

1. e4 e5 2. Nf3 Nc6 3. Bb5 Nf6 4. O-O Nxe4 5. d4 Nd6 6. Bxc6 dxc6 7. dxe5 Nf5
8. Qxd8+ Kxd8 9. Nc3 Ke8 10. h3 Ne7 11. Nd4 Ng6 12. Ne4 Nxe5 13. Re1 Be7 14.
Bf4 f6 15. Bxe5 fxe5 16. Nf3 Bf6 17. Nxe5 Kf8 18. Rad1 Bf5 19. Nxf6 gxf6 20.
Ng4 Bxg4 21. hxg4 Re8 22. Kf1 Rxe1+ 23. Kxe1 Ke8 24. Ke2 Rg8 25. Kf3 Rg7 26.
Rd4 Rg5 27. Rb4 b6 28. Rc4 c5 29. Rf4 Kf7 30. Rf5 Rg7 31. Rd5 Kg6 32. c4 Re7
33. Rd1 a6 34. b3 h5 35. gxh5+ Kxh5 36. Rd2 Kg6 37. Kf4 Re1 38. g4 a5 39. a4
Re6 40. Rd7 Re2 41. f3 Rb2 42. Rd3 Re2 43. Re3 Rd2 44. Re6 Rd4+ 45. Ke3 Rd1 46.
Rc6 Kg5 47. Rxc7 Rb1 48. Rg7+ Kh6 49. Rb7 Rxb3+ 50. Ke4 Kg5 51. Rg7+ Kh6 52.
Rg8 Rc3 53. f4 Kh7 54. Rb8 Rxc4+ 55. Kf5 Kg7 56. Rb7+ Kf8 57. Rxb6 Kg7 58. Rb7+
Kf8 59. Rb8+ Kg7 60. Rb7+ Kf8 61. Rb5 Rxa4 62. Rxc5 Kg7 63. Rc7+ Kf8 64. Ra7
Rd4 65. Rxa5 Kg7 66. Ra7+ Kf8 67. Rh7 Ra4 68. Rb7 Rc4 69. Ra7 Rb4 70. Rh7 Ra4
71. Rh6 Ke7 72. Rh7+ Kf8 73. Rh6 Ke7 74. g5 fxg5 75. Kxg5 Kf7 76. Rb6 Ra7 77.
f5 Kg7 78. Rg6+ Kf7 79. Rh6 Ra1 80. Rh7+ Kg8 81. Rb7 Ra6 1/2-1/2

[Event "EU-ch (Men) 11th"]
[Site "Rijeka"]
[Date "2010.03.09"]
[Round "4.59"]
[White "Fercec, Nenad"]
[Black "Gelashvili, Tamaz"]
[Result "0-1"]
[WhiteElo "2492"]
[BlackElo "2621"]
[PlyCount "66"]
[EventDate "2010.03.06"]
[EventType "swiss"]
[EventRounds "11"]
[EventCountry "CRO"]
[SourceDate "2010.03.06"]

1. e4 d6 2. d4 g6 3. Nc3 Bg7 4. Bg5 Nd7 5. Qd2 a6 6. f4 b5 7. O-O-O Ngf6 8. Bd3
c5 9. dxc5 Nxc5 10. e5 dxe5 11. Bxb5+ Bd7 12. fxe5 Ng4 13. Bxd7+ Qxd7 14. Qxd7+
Nxd7 15. Nd5 Rc8 16. Bxe7 Nf2 17. Nf3 Nxh1 18. Rxh1 Bf8 19. Bh4 Bc5 20. Rd1 h6
21. b4 g5 22. bxc5 gxh4 23. Nxh4 Rxc5 24. Nf5 Rg8 25. g3 Rg4 26. h3 Ra4 27.
Nd6+ Kf8 28. e6 fxe6 29. Rf1+ Kg8 30. Ne7+ Kh8 31. Rf7 Ne5 32. Rf8+ Kh7 33. Ne8
Rxa2 0-1

[Event "EU-ch (Men) 11th"]
[Site "Rijeka"]
[Date "2010.03.09"]
[Round "4.60"]
[White "Markus, Robert"]
[Black "Gallagher, Joseph G"]
[Result "1-0"]
[WhiteElo "2618"]
[BlackElo "2486"]
[PlyCount "59"]
[EventDate "2010.03.06"]
[EventType "swiss"]
[EventRounds "11"]
[EventCountry "CRO"]
[SourceDate "2010.03.06"]

1. d4 Nf6 2. c4 g6 3. Nf3 Bg7 4. g3 O-O 5. Bg2 d6 6. O-O Nbd7 7. Nc3 e5 8. e4
a6 9. h3 b5 10. Qc2 b4 11. Nd5 exd4 12. Nxd4 Bb7 13. Bg5 c5 14. Nb3 Bxd5 15.
cxd5 a5 16. Nd2 Qc7 17. Rac1 Rac8 18. Rfd1 h6 19. Bf4 Nb6 20. Nb3 Ne8 21. Qd2
g5 22. Rxc5 Qd7 23. Rxc8 Qxc8 24. Be3 Nc4 25. Qc2 Qc7 26. Bd4 a4 27. Bxg7 Nxg7
28. Nd2 Rc8 29. Rc1 b3 30. axb3 1-0

[Event "EU-ch (Men) 11th"]
[Site "Rijeka"]
[Date "2010.03.09"]
[Round "4.61"]
[White "Swiercz, Dariusz"]
[Black "Banikas, Hristos"]
[Result "1-0"]
[WhiteElo "2488"]
[BlackElo "2617"]
[PlyCount "133"]
[EventDate "2010.03.06"]
[EventType "swiss"]
[EventRounds "11"]
[EventCountry "CRO"]
[SourceDate "2010.03.06"]

1. e4 c5 2. Nf3 d6 3. d4 cxd4 4. Nxd4 Nf6 5. Nc3 a6 6. Bg5 e6 7. f4 h6 8. Bh4
Be7 9. Qf3 Qc7 10. O-O-O Nbd7 11. Be2 O-O 12. Qg3 b5 13. Nd5 Nxd5 14. exd5 Bxh4
15. Qxh4 Nb6 16. Bf3 Nxd5 17. Bxd5 exd5 18. Rhe1 Bd7 19. f5 Rae8 20. f6 Qd8 21.
Re7 gxf6 22. Rxe8 Rxe8 23. Qxh6 Re4 24. h3 Qe7 25. Qd2 f5 26. Kb1 f4 27. a3 Qf6
28. Ne2 Be6 29. Rf1 d4 30. Rd1 Bf5 31. Nxd4 Bg6 32. Ka1 a5 33. Nxb5 Re3 34. Nc3
Qe5 35. Kb1 Rg3 36. Rf1 Qe3 37. Rf2 Qxd2 38. Rxd2 f3 39. gxf3 Rxf3 40. h4 Rh3
41. Nd5 Kg7 42. Nf4 Rh1+ 43. Ka2 Bf5 44. Nh5+ Kg6 45. Ng3 Be6+ 46. b3 Rxh4 47.
Rxd6 a4 48. Kb2 axb3 49. cxb3 Rh3 50. Rd3 f5 51. Ne2 Rxd3 52. Nf4+ Kg5 53. Nxd3
f4 54. Kc3 Kf5 55. b4 Ke4 56. Nxf4 Kxf4 57. Kd4 Bg4 58. b5 Bf3 59. Kc5 Ke5 60.
a4 Ke6 61. Kb6 Kd5 62. a5 Kc4 63. a6 Kb4 64. a7 Bg2 65. Ka6 Kc5 66. b6 Bf1+ 67.
Kb7 1-0

[Event "EU-ch (Men) 11th"]
[Site "Rijeka"]
[Date "2010.03.09"]
[Round "4.62"]
[White "Vorobiov, Evgeny E"]
[Black "Nigalidze, Gaioz"]
[Result "1-0"]
[WhiteElo "2616"]
[BlackElo "2486"]
[PlyCount "139"]
[EventDate "2010.03.06"]
[EventType "swiss"]
[EventRounds "11"]
[EventCountry "CRO"]
[SourceDate "2010.03.06"]

1. Nf3 c5 2. g3 Nc6 3. Bg2 g6 4. O-O Bg7 5. d3 d6 6. e4 e6 7. c3 Nf6 8. Re1 O-O
9. d4 cxd4 10. cxd4 d5 11. e5 Ne4 12. Nbd2 Nxd2 13. Bxd2 Qb6 14. Bc3 Bd7 15. h4
f6 16. exf6 Bxf6 17. Qd2 Rae8 18. Rad1 Qc7 19. Ng5 Qd6 20. Re2 b5 21. b3 b4 22.
Bb2 Ne7 23. Nf3 Nf5 24. Ne5 Bb5 25. Ree1 Rc8 26. Rc1 a5 27. Bh3 Bg7 28. Bxf5
exf5 29. Kg2 Bd7 30. Qf4 Rxc1 31. Rxc1 Rc8 32. Rc5 Rxc5 33. dxc5 Bxe5 34. Bxe5
Qxc5 35. Qg5 Qf8 36. h5 Be8 37. Qd8 a4 38. Bd6 Qf7 39. bxa4 Qd7 40. Qf6 Qf7 41.
Qe5 gxh5 42. Bxb4 d4 43. Qxd4 Bc6+ 44. Kh3 Qd5 45. Qxd5+ Bxd5 46. Kh4 h6 47.
Kxh5 Kh7 48. a5 Bf3+ 49. Kh4 Kg6 50. a6 Kf6 51. Bd2 h5 52. a7 Kg6 53. a4 Bc6
54. a5 Bb7 55. Kh3 Kf7 56. Bc3 Bc6 57. a6 Ba8 58. Bh8 Bc6 59. Be5 Ba8 60. Bb8
Kf6 61. Kh2 Kg5 62. Kh3 Kf6 63. Bf4 Bc6 64. Kh2 Ke6 65. Bb8 Kd5 66. Kh3 Kc5 67.
Kh4 Kb6 68. Kxh5 Kxa6 69. Kg5 Be4 70. Kf4 1-0

[Event "EU-ch (Men) 11th"]
[Site "Rijeka"]
[Date "2010.03.09"]
[Round "4.63"]
[White "Levin, Evgeny A"]
[Black "Hracek, Zbynek"]
[Result "0-1"]
[WhiteElo "2486"]
[BlackElo "2615"]
[PlyCount "60"]
[EventDate "2010.03.06"]
[EventType "swiss"]
[EventRounds "11"]
[EventCountry "CRO"]
[SourceDate "2010.03.06"]

1. d4 Nf6 2. c4 e6 3. Nc3 Bb4 4. e3 O-O 5. Bd3 c5 6. Nf3 Nc6 7. O-O Bxc3 8.
bxc3 d6 9. Qc2 e5 10. dxc5 dxc5 11. Ng5 h6 12. Ne4 b6 13. Nxf6+ Qxf6 14. Be4
Rb8 15. Bd5 Na5 16. f4 Ba6 17. fxe5 Qxe5 18. Rf5 Qe7 19. Rh5 Qf6 20. Rf5 Qg6
21. e4 Bxc4 22. Bf4 Rbd8 23. Rd1 Bxd5 24. exd5 Nc4 25. Bc1 Rfe8 26. Qf2 Qg4 27.
Qf1 Nd6 28. Rf3 Qa4 29. h3 Qxa2 30. Bf4 Ne4 0-1

[Event "EU-ch (Men) 11th"]
[Site "Rijeka"]
[Date "2010.03.09"]
[Round "4.64"]
[White "Mrva, Martin"]
[Black "Howell, David"]
[Result "1/2-1/2"]
[WhiteElo "2485"]
[BlackElo "2612"]
[PlyCount "145"]
[EventDate "2010.03.06"]
[EventType "swiss"]
[EventRounds "11"]
[EventCountry "CRO"]
[SourceDate "2010.03.06"]

1. Nf3 Nf6 2. c4 g6 3. Nc3 d5 4. cxd5 Nxd5 5. Qa4+ Bd7 6. Qh4 Bc6 7. Qd4 Rg8 8.
Ne5 e6 9. g3 Bg7 10. Nxc6 Nxc6 11. Qe4 Qd7 12. Nxd5 Qxd5 13. Qxd5 exd5 14. Rb1
O-O-O 15. d3 Rge8 16. Kd1 a5 17. Bd2 a4 18. Bg2 Nd4 19. Bc3 Be5 20. e3 Nb5 21.
Bxe5 Rxe5 22. d4 Re6 23. Rc1 c6 24. Kd2 Kd7 25. Bf1 Nd6 26. Bd3 h6 27. Kc3 Ra8
28. Kb4 g5 29. g4 Ne4 30. Rc2 Rf6 31. Bxe4 dxe4 32. h4 gxh4 33. Rxh4 b6 34. Rh5
Rg8 35. Kxa4 Rxg4 36. d5 Rgg6 37. b4 cxd5 38. Rxd5+ Rd6 39. Re5 Rge6 40. Rh5
Rc6 41. Rd2+ Rcd6 42. Rxd6+ Kxd6 43. Rf5 Kc6 44. Rxf7 h5 45. Rh7 Rf6 46. Rxh5
Rxf2 47. Rh6+ Kd5 48. Kb5 Rxa2 49. Rh5+ Kd6 50. Kxb6 Ra3 51. Rh3 Kd5 52. b5 Rb3
53. Kc7 Rc3+ 54. Kb7 Kc4 55. b6 Kd3 56. Ka6 Ra3+ 57. Kb5 Rb3+ 58. Kc6 Rc3+ 59.
Kd5 Rb3 60. Kc6 Rc3+ 61. Kd6 Rb3 62. Kc7 Rc3+ 63. Kb8 Rb3 64. b7 Rb1 65. Rg3
Ke2 66. Kc7 Rc1+ 67. Kd7 Rb1 68. Kc6 Kd3 69. Rg8 Rxb7 70. Kxb7 Kxe3 71. Kc6 Kd3
72. Rd8+ Kc3 73. Re8 1/2-1/2

[Event "EU-ch (Men) 11th"]
[Site "Rijeka"]
[Date "2010.03.09"]
[Round "4.68"]
[White "Durarbeyli, Vasif"]
[Black "Saric, Ivan"]
[Result "1-0"]
[WhiteElo "2476"]
[BlackElo "2607"]
[PlyCount "73"]
[EventDate "2010.03.06"]
[EventType "swiss"]
[EventRounds "11"]
[EventCountry "CRO"]
[SourceDate "2010.03.06"]

1. e4 c5 2. Nf3 d6 3. d4 Nf6 4. Nc3 cxd4 5. Nxd4 Bd7 6. Be3 Ng4 7. Bg5 h6 8.
Bh4 g5 9. Bg3 Bg7 10. Be2 Qb6 11. Ndb5 Bxb5 12. Bxb5+ Kf8 13. a4 Bxc3+ 14. bxc3
Nf6 15. Bd3 Qc6 16. O-O Nxe4 17. Bxe4 Qxe4 18. Re1 Qc6 19. Qe2 Qd7 20. Rad1 Nc6
21. c4 b6 22. h4 Rg8 23. Qh5 Rg6 24. hxg5 Qf5 25. Rd5 e5 26. Qd1 hxg5 27. Rxd6
Re8 28. Qd5 Ree6 29. Rxc6 Rxc6 30. Qd8+ Kg7 31. Bxe5+ f6 32. Bc7 Kh7 33. Re8
Rg8 34. Rxg8 Qe6 35. Rh8+ Kg6 36. Qd3+ f5 37. Qh3 1-0

[Event "EU-ch (Men) 11th"]
[Site "Rijeka"]
[Date "2010.03.09"]
[Round "4.69"]
[White "Shytaj, Luca"]
[Black "Safarli, Eltaj"]
[Result "0-1"]
[WhiteElo "2472"]
[BlackElo "2606"]
[PlyCount "34"]
[EventDate "2010.03.06"]
[EventType "swiss"]
[EventRounds "11"]
[EventCountry "CRO"]
[SourceDate "2010.03.06"]

1. e4 e5 2. Nf3 Nc6 3. Bc4 Bc5 4. O-O Nf6 5. d4 Bxd4 6. Nxd4 Nxd4 7. Bg5 d6 8.
f4 Be6 9. Na3 Nc6 10. c3 h6 11. Bxf6 Qxf6 12. Qb3 Rb8 13. f5 Bd7 14. Qd1 Ne7
15. Qc2 Bc6 16. Qd3 Qh4 17. Rae1 Rd8 0-1

[Event "EU-ch (Men) 11th"]
[Site "Rijeka"]
[Date "2010.03.09"]
[Round "4.70"]
[White "Lenic, Luka"]
[Black "Doric, Darko"]
[Result "1-0"]
[WhiteElo "2603"]
[BlackElo "2464"]
[PlyCount "79"]
[EventDate "2010.03.06"]
[EventType "swiss"]
[EventRounds "11"]
[EventCountry "CRO"]
[SourceDate "2010.03.06"]

1. d4 d5 2. Nf3 c6 3. c4 e6 4. e3 Nf6 5. Bd3 Nbd7 6. O-O dxc4 7. Bxc4 b5 8. Bd3
Bb7 9. e4 Be7 10. Bg5 h6 11. Bh4 O-O 12. Qe2 b4 13. e5 Nh5 14. Qe4 g6 15. Bxe7
Qxe7 16. Nbd2 Rab8 17. Qe3 Kh7 18. Ne4 c5 19. Nxc5 Nxc5 20. dxc5 Rfc8 21. Rac1
Rc7 22. Rc2 Rbc8 23. Rfc1 Ng7 24. g4 a5 25. b3 Kg8 26. Be2 Bd5 27. h3 Kh7 28.
Nd2 Kg8 29. Bf3 Kh7 30. Ne4 Bxe4 31. Bxe4 Ne8 32. c6 f5 33. Bg2 Ng7 34. f4 Rf8
35. Rf1 fxg4 36. hxg4 h5 37. Be4 Qe8 38. Qg3 Kg8 39. gxh5 Nxh5 40. Qg5 1-0

[Event "EU-ch (Men) 11th"]
[Site "Rijeka"]
[Date "2010.03.09"]
[Round "4.71"]
[White "Neubauer, Martin"]
[Black "Kozul, Zdenko"]
[Result "0-1"]
[WhiteElo "2465"]
[BlackElo "2602"]
[PlyCount "73"]
[EventDate "2010.03.06"]
[EventType "swiss"]
[EventRounds "11"]
[EventCountry "CRO"]
[SourceDate "2010.03.06"]

1. d4 Nf6 2. Nf3 g6 3. c4 Bg7 4. Nc3 d6 5. e4 O-O 6. Be2 e5 7. O-O Nbd7 8. Be3
Qe7 9. Qc2 c6 10. Rad1 h6 11. d5 c5 12. Ne1 Nb6 13. b3 Ng4 14. Bc1 f5 15. f3
Nf6 16. exf5 gxf5 17. g3 Nh7 18. Ng2 Bd7 19. f4 e4 20. Rde1 Nc8 21. g4 Bd4+ 22.
Kh1 Qf6 23. Bd2 Ne7 24. gxf5 Nxf5 25. Nxe4 Qg6 26. Bd3 Kh8 27. Rf3 Qh5 28. Be2
Rg8 29. Qd3 Rae8 30. Rh3 Qg6 31. Ng3 Rxe2 32. Qxe2 Nf6 33. Nh4 Nxh4 34. Rxh4
Bg4 35. Rxg4 Nxg4 36. f5 Qf6 37. Qe7 0-1

[Event "EU-ch (Men) 11th"]
[Site "Rijeka"]
[Date "2010.03.09"]
[Round "4.72"]
[White "Sjugirov, Sanan"]
[Black "Iakemov, Vladimir"]
[Result "1/2-1/2"]
[WhiteElo "2602"]
[BlackElo "2463"]
[PlyCount "82"]
[EventDate "2010.03.06"]
[EventType "swiss"]
[EventRounds "11"]
[EventCountry "CRO"]
[SourceDate "2010.03.06"]

1. e4 e6 2. d4 d5 3. Nd2 Nf6 4. e5 Nfd7 5. Bd3 c5 6. c3 Nc6 7. Ne2 cxd4 8. cxd4
f6 9. exf6 Nxf6 10. O-O Bd6 11. Nf3 O-O 12. Bf4 Bxf4 13. Nxf4 Ng4 14. Nh5 g6
15. Ng3 Qf6 16. h3 Nh6 17. Bb5 Bd7 18. Re1 Nf7 19. Qd2 Rae8 20. Bxc6 Bxc6 21.
Ne5 Nxe5 22. Rxe5 Qf4 23. Qe3 Qxe3 24. Rxe3 Bb5 25. f3 Rf4 26. Rd1 h5 27. Kh1
Rf7 28. Rc3 e5 29. Re3 e4 30. Rde1 Bc6 31. Kg1 h4 32. Nf1 Kg7 33. Nd2 Rf4 34.
fxe4 dxe4 35. Nb1 Rf7 36. Nc3 Rd7 37. Rd1 Red8 38. d5 Bxd5 39. Rxd5 Rxd5 40.
Nxd5 Rxd5 41. Rxe4 Rb5 1/2-1/2

[Event "EU-ch (Men) 11th"]
[Site "Rijeka"]
[Date "2010.03.09"]
[Round "4.73"]
[White "Berg, Emanuel"]
[Black "Kalegin, Evgenij"]
[Result "1-0"]
[WhiteElo "2594"]
[BlackElo "2456"]
[PlyCount "81"]
[EventDate "2010.03.06"]
[EventType "swiss"]
[EventRounds "11"]
[EventCountry "CRO"]
[SourceDate "2010.03.06"]

1. e4 c5 2. Nf3 e6 3. d4 cxd4 4. Nxd4 a6 5. Bd3 Bc5 6. Nb3 Ba7 7. O-O Ne7 8. c4
d6 9. Qe2 Nbc6 10. Be3 e5 11. Nc3 O-O 12. Rfd1 Nd4 13. Bxd4 exd4 14. Nd5 Nxd5
15. cxd5 Bd7 16. Qd2 Ba4 17. Qb4 Bxb3 18. Qxb3 Qb6 19. Qc2 Rac8 20. Qd2 Rc7 21.
Rf1 Re8 22. f4 Rce7 23. Rf3 f5 24. exf5 Re3 25. Raf1 Qc5 26. Rc1 Qb6 27. f6
gxf6 28. Qf2 Qa5 29. Qh4 Re1+ 30. Kf2 Qd2+ 31. Kg3 R1e7 32. Kh3 Rg7 33. Rc2 Qe1
34. Qxf6 Bc5 35. Rxc5 dxc5 36. d6 b5 37. d7 Rxd7 38. Rg3+ Qxg3+ 39. hxg3 Rg7
40. Bf5 Kh8 41. Kh4 1-0

[Event "EU-ch (Men) 11th"]
[Site "Rijeka"]
[Date "2010.03.09"]
[Round "4.74"]
[White "Kotronias, Vasilios"]
[Black "Potapov, Alexander"]
[Result "1-0"]
[WhiteElo "2593"]
[BlackElo "2446"]
[PlyCount "69"]
[EventDate "2010.03.06"]
[EventType "swiss"]
[EventRounds "11"]
[EventCountry "CRO"]
[SourceDate "2010.03.06"]

1. e4 e5 2. Nf3 Nc6 3. Bb5 Nf6 4. d3 d6 5. c3 g6 6. O-O Bg7 7. Nbd2 O-O 8. Re1
Bd7 9. a4 a5 10. h3 Nh5 11. Nf1 Nf4 12. Bxf4 exf4 13. d4 Qe7 14. Qd2 g5 15. Qc2
h5 16. e5 d5 17. h4 gxh4 18. Bd3 h3 19. gxh3 Bxh3 20. Bf5 Bxf1 21. Kxf1 Ra6 22.
Ke2 Nd8 23. Rg1 f6 24. Rg2 fxe5 25. dxe5 Kh8 26. Rag1 Bh6 27. Kf1 Nf7 28. Bh7
Ng5 29. Nxg5 Bxg5 30. Bd3 Bh6 31. Bxa6 bxa6 32. Rg6 Qh7 33. Qd1 f3 34. e6 c5
35. e7 1-0

[Event "EU-ch (Men) 11th"]
[Site "Rijeka"]
[Date "2010.03.09"]
[Round "4.75"]
[White "Womacka, Mathias"]
[Black "Salgado Lopez, Ivan"]
[Result "1/2-1/2"]
[WhiteElo "2452"]
[BlackElo "2592"]
[PlyCount "78"]
[EventDate "2010.03.06"]
[EventType "swiss"]
[EventRounds "11"]
[EventCountry "CRO"]
[SourceDate "2010.03.06"]

1. e4 Nf6 2. e5 Nd5 3. d4 d6 4. Nf3 Nb6 5. a4 a5 6. Nc3 g6 7. exd6 cxd6 8. Be2
Bg7 9. O-O O-O 10. Re1 Nc6 11. Nb5 Be6 12. Bf1 Qd7 13. h3 Rad8 14. Ng5 Bd5 15.
Ne4 f5 16. Nec3 Bf7 17. Be3 Nb4 18. Qd2 Nc4 19. Bxc4 Bxc4 20. Bg5 Rde8 21. b3
Bxb5 22. Nxb5 f4 23. c3 Nd5 24. f3 Rf5 25. Bh4 Rh5 26. Bf2 Bh6 27. Re4 Ne3 28.
Bxe3 fxe3 29. Qe2 d5 30. Rg4 e5 31. Rd1 Bg7 32. Qxe3 exd4 33. Qd3 dxc3 34. Nxc3
Rd8 35. Nb5 Rf5 36. Re4 dxe4 37. Qc4+ Kf8 38. Rxd7 Rxd7 39. Qxe4 Re5 1/2-1/2

[Event "EU-ch (Men) 11th"]
[Site "Rijeka"]
[Date "2010.03.09"]
[Round "4.76"]
[White "Dvirnyy, Daniyl"]
[Black "Golod, Vitali"]
[Result "1/2-1/2"]
[WhiteElo "2450"]
[BlackElo "2590"]
[PlyCount "59"]
[EventDate "2010.03.06"]
[EventType "swiss"]
[EventRounds "11"]
[EventCountry "CRO"]
[SourceDate "2010.03.06"]

1. e4 e5 2. Nf3 Nc6 3. Bb5 a6 4. Ba4 Nf6 5. O-O Be7 6. Re1 b5 7. Bb3 d6 8. c3
O-O 9. d4 Bg4 10. d5 Na5 11. Bc2 c6 12. h3 Bc8 13. dxc6 Qc7 14. Nbd2 Qxc6 15.
Nf1 Nc4 16. a4 Be6 17. Ng5 Rac8 18. axb5 axb5 19. Ng3 Bd7 20. b3 Nb6 21. Bd2
Ra8 22. Qe2 Rxa1 23. Rxa1 Ra8 24. Rxa8+ Nxa8 25. Bd3 Nc7 26. c4 h6 27. Nf3 bxc4
28. Bxc4 Be6 29. Ba5 Bxc4 30. Qxc4 1/2-1/2

[Event "EU-ch (Men) 11th"]
[Site "Rijeka"]
[Date "2010.03.09"]
[Round "4.77"]
[White "Zufic, Miroslav"]
[Black "Pantsulaia, Levan"]
[Result "0-1"]
[WhiteElo "2445"]
[BlackElo "2588"]
[PlyCount "62"]
[EventDate "2010.03.06"]
[EventType "swiss"]
[EventRounds "11"]
[EventCountry "CRO"]
[SourceDate "2010.03.06"]

1. e4 c6 2. Ne2 d5 3. e5 Bg4 4. d4 e6 5. c3 c5 6. dxc5 Bxe2 7. Bxe2 Bxc5 8. Nd2
Nc6 9. Nf3 Nge7 10. b4 Bb6 11. b5 Na5 12. Ba3 Qc7 13. O-O Nc4 14. Bxc4 Qxc4 15.
Qb3 Rc8 16. Rac1 Ng6 17. g3 h5 18. Qxc4 Rxc4 19. Bb4 h4 20. Rfe1 Rh5 21. a4
hxg3 22. hxg3 Rg4 23. Kf1 Rh1+ 24. Kg2 Rxe1 25. Nxe1 Nxe5 26. a5 Bc7 27. Nf3
Nd3 28. Rb1 Nxb4 29. cxb4 Bd6 30. a6 bxa6 31. bxa6 Rxb4 0-1

[Event "EU-ch (Men) 11th"]
[Site "Rijeka"]
[Date "2010.03.09"]
[Round "4.78"]
[White "Zhigalko, Andrey"]
[Black "Baumegger, Siegfried"]
[Result "1-0"]
[WhiteElo "2587"]
[BlackElo "2442"]
[PlyCount "55"]
[EventDate "2010.03.06"]
[EventType "swiss"]
[EventRounds "11"]
[EventCountry "CRO"]
[SourceDate "2010.03.06"]

1. e4 e5 2. Nf3 Nc6 3. Bb5 a6 4. Ba4 Nf6 5. O-O Be7 6. Re1 b5 7. Bb3 d6 8. c3
O-O 9. h3 Na5 10. Bc2 c5 11. d4 Qc7 12. Nbd2 cxd4 13. cxd4 Bd7 14. Nf1 Rac8 15.
Ne3 Rfe8 16. a3 Bf8 17. b4 Nc4 18. Nxc4 bxc4 19. Bg5 Be7 20. Rc1 h6 21. Bh4 a5
22. Bb3 c3 23. Re3 axb4 24. axb4 Red8 25. dxe5 dxe5 26. Rexc3 Qb8 27. Bxf6 gxf6
28. Qxd7 1-0

[Event "EU-ch (Men) 11th"]
[Site "Rijeka"]
[Date "2010.03.09"]
[Round "4.79"]
[White "Smirnov, Artem"]
[Black "Gyimesi, Zoltan"]
[Result "1/2-1/2"]
[WhiteElo "2435"]
[BlackElo "2586"]
[PlyCount "35"]
[EventDate "2010.03.06"]
[EventType "swiss"]
[EventRounds "11"]
[EventCountry "CRO"]
[SourceDate "2010.03.06"]

1. d4 Nf6 2. Bg5 d5 3. Bxf6 exf6 4. e3 Bd6 5. c4 dxc4 6. Bxc4 O-O 7. Nc3 f5 8.
Qc2 c6 9. Nf3 Nd7 10. h4 Nf6 11. h5 Be6 12. Bxe6 fxe6 13. O-O-O Nd5 14. Kb1 Qf6
15. Qb3 Rf7 16. g3 a5 17. Nxd5 exd5 18. Qc3 1/2-1/2

[Event "EU-ch (Men) 11th"]
[Site "Rijeka"]
[Date "2010.03.09"]
[Round "4.80"]
[White "Popov, Valerij"]
[Black "Potapov, Pavel"]
[Result "1-0"]
[WhiteElo "2585"]
[BlackElo "2427"]
[PlyCount "49"]
[EventDate "2010.03.06"]
[EventType "swiss"]
[EventRounds "11"]
[EventCountry "CRO"]
[SourceDate "2010.03.06"]

1. d4 d5 2. c4 e5 3. dxe5 d4 4. Nf3 Nc6 5. a3 Nge7 6. b4 Ng6 7. Bb2 a5 8. b5
Ncxe5 9. Nxe5 Nxe5 10. e3 Be6 11. Bxd4 Nxc4 12. Qc2 Nd6 13. Bd3 Qg5 14. f4 Qh4+
15. g3 Qh3 16. e4 Rd8 17. f5 Bc4 18. Nc3 c5 19. bxc6 bxc6 20. Bxc4 Nxc4 21. Ne2
Nxa3 22. Qxc6+ Rd7 23. Kf2 Bd6 24. Bxg7 Rg8 25. Bf6 1-0

[Event "EU-ch (Men) 11th"]
[Site "Rijeka"]
[Date "2010.03.09"]
[Round "4.81"]
[White "Hamitevici, Vladimir"]
[Black "Rakhmanov, Alexander"]
[Result "1/2-1/2"]
[WhiteElo "2401"]
[BlackElo "2584"]
[PlyCount "118"]
[EventDate "2010.03.06"]
[EventType "swiss"]
[EventRounds "11"]
[EventCountry "CRO"]
[SourceDate "2010.03.06"]

1. d4 Nf6 2. c4 g6 3. g3 Bg7 4. Bg2 O-O 5. Nc3 c6 6. Nf3 d5 7. cxd5 Nxd5 8. O-O
Be6 9. Ne4 Na6 10. a3 h6 11. Re1 Bg4 12. h3 Bxf3 13. Bxf3 Qb6 14. e3 Rfd8 15.
Qc2 Nf6 16. b4 Nxe4 17. Qxe4 e6 18. Rb1 Nc7 19. a4 a6 20. Rb3 Qa7 21. Bb2 Rac8
22. Ra1 Qb8 23. h4 h5 24. Be2 Nd5 25. Rb1 b5 26. a5 Bf8 27. Bc3 Bd6 28. f4 Qa7
29. Be1 Qe7 30. Qc2 Bb8 31. Bf2 Ba7 32. Bf3 Qd6 33. e4 Ne7 34. Rd1 Rd7 35. Qb1
Rcd8 36. Kg2 Qc7 37. Rbd3 Rd6 38. Qb3 R6d7 39. Be3 Kh7 40. R3d2 Kg8 41. g4 hxg4
42. Bxg4 Kf8 43. Bf3 Ng8 44. Qc3 Nf6 45. Rc2 Rc8 46. Bc1 Ng8 47. h5 gxh5 48.
Bxh5 Nf6 49. Bf3 Ke7 50. Kf1 Rg8 51. e5 Ng4 52. Bxg4 Rxg4 53. Qf3 Rg8 54. Rxc6
Qb7 55. Be3 Rc8 56. Rdc1 Bxd4 57. Bxd4 Rxd4 58. Rxe6+ Kxe6 59. Qxb7 Rxc1+
1/2-1/2

[Event "EU-ch (Men) 11th"]
[Site "Rijeka"]
[Date "2010.03.09"]
[Round "4.82"]
[White "Pankov, German"]
[Black "Pavasovic, Dusko"]
[Result "1/2-1/2"]
[WhiteElo "2353"]
[BlackElo "2579"]
[PlyCount "37"]
[EventDate "2010.03.06"]
[EventType "swiss"]
[EventRounds "11"]
[EventCountry "CRO"]
[SourceDate "2010.03.06"]

1. d4 d5 2. c4 e6 3. Nf3 Nf6 4. e3 c6 5. Bd3 Nbd7 6. Nbd2 Bd6 7. O-O O-O 8. e4
e5 9. cxd5 cxd5 10. exd5 exd4 11. Ne4 Nxe4 12. Bxe4 Nf6 13. Bg5 h6 14. Bxf6
Qxf6 15. Qxd4 Qxd4 16. Nxd4 Rd8 17. Rfd1 Bd7 18. Rac1 g6 19. Nb3 1/2-1/2